[Event "Aragon-ch Primera"]
[Site "Spain"]
[Date "2009.??.??"]
[Round "9"]
[White "Cortes Sobrevilla, Cecilio"]
[Black "Laborda, Oscar"]
[Result "1/2-1/2"]
[WhiteElo "1669"]
[BlackElo "1668"]
[PlyCount "100"]
[EventDate "2009.??.??"]
[EventType "swiss"]
[EventRounds "9"]
[EventCountry "ESP"]
[SourceTitle "EXT 2013"]
[Source "ChessBase"]
[SourceDate "2012.11.22"]
[SourceVersion "1"]
[SourceVersionDate "2012.11.22"]
[SourceQuality "1"]

1. d4 d5 2. Nf3 Bf5 3. Nbd2 Nf6 4. e3 e6 5. h3 h6 6. Ne5 Nbd7 7. Ndf3 Nxe5 8. Nxe5 c6 9. a3 Bd6 10. Qe2 Bxe5 11. dxe5 Nd7 12. b3 Qa5+ 13. Bd2 Qc5 14. Bb4 Qxc2 15. Qxc2 Bxc2 16. Bd6 f6 17. f4 fxe5 18. fxe5 Nb6 19. b4 Nc8 20. Bc5 b6 21. Bd4 Ne7 22. g4 Be4 23. Rh2 Ng6 24. Rc1 Kd7 25. Ba6 Rab8 26. Rf2 Rhf8 27. Rxf8 Nxf8 28. Ke2 Ng6 29. Bd3 Bxd3+ 30. Kxd3 Rf8 31. Ke2 Rc8 32. Kd2 c5 33. bxc5 bxc5 34. Rxc5 Rxc5 35. Bxc5 Nxe5 36. Bf8 g6 37. Bxh6 Nc4+ 38. Kd3 Nxa3 39. e4 dxe4+ 40. Kxe4 a5 41. h4 Ke7 42. Kd3 a4 43. Bd2 Nb5 44. Kc4 Nd6+ 45. Kb4 a3 46. Bg5+ Kf7 47. Kxa3 Ne4 48. Be3 Nf6 49. g5 Ng4 50. Bd2 Ne5 1/2-1/2